LEADER 01297nam a2200325 a 4500 001 000000129391 003 CaOOAMICUS 005 20120621133001.0 008 120621s2012 it u000 u ita r 020 $a978-88-16-53006-5 040 $aPUL$bita 082 04$a859 100 1 $aEliade, Mircea,$d1907-1986.$0(OLS)http://pul/name/1652 240 10$aGaudeamus.$lItaliano.$0(OLS)http://pul/title/163512 245 10$aGaudeamus /$cMircea Eliade ; postfazione di Roberto Scagno. 260 $aMilano :$bJaca Book,$c2012. 300 $a253 p. ;$c21 cm. 490 1 $aJaca letteratura. ;$v6 504 $aBibliografia in nota. 650 4$aLetteratura romena.$xNarrativa.$0(OLS)http://pul/subject/38752 700 1 $aScagno, Roberto.$0(OLS)http://pul/name/30234 830 0$aJaca letteratura ;$v6.$0(OLS)http://pul/title/163514 850 $aPUL 852 $aPUL$W1$xDP2 Cons. Gen., Altre Classi 3$y97$m859 ELIMI 1$j149870$qDDC 21$B148397$CPULBib$Z2$F148397 $H120135 $81 941 1 $a9 996 $6020$a978-88-16-53006-5$9(OLS)http://pul/number/150081 996 $6082$a859$9(OLS)http://pul/classification/2316 996 $6245$aGaudeamus$9(OLS)http://pul/title/163513 996 $6260$aMilano :$bJaca Book$9(OLS)http://pul/publisher/47900 LEADER 01431nam a2200313 a 4500 001 000000137559 003 CaOOAMICUS 005 20140227103911.0 008 140227s2013 it af 000 u ita r 020 $a978-88-06-20919-3 040 $aPUL$bita 082 04$a364.6 100 1 $aProsperi, Adriano,$d1939-$0(OLS)http://pul/name/30551 245 10$aDelitto e perdono :$bla pena di morte nell'orizzonte mentale dell'Europa cristiana XIV-XVIII secolo /$cAdriano Prosperi. 260 $aTorino :$bGiulio Einaudi,$cİ2013. 300 $aXI, 577 p., [8] c. di tav. :$bill. ;$c22 cm 490 1 $aEinaudi Storia ;$v50 504 $aInclude riferimenti bibliografici. 650 4$aPena di morte.$0(OLS)http://pul/subject/8067 650 4$aEsecuzione capitale$xStoria.$0(OLS)http://pul/subject/40144 830 0$aEinaudi Storia ;$v50.$0(OLS)http://pul/title/144007 850 $aPUL 852 $aPUL$W1$xSL Diritto e Scienze Sociali 3$y79$m364. 6 PROAD 1$j158575$qDDC 21$B158088$CPULBib$Z2$F158088 $H123361 $82 941 1 $a9 996 $6020$a978-88-06-20919-3$9(OLS)http://pul/number/154651 996 $6082$a364.6$9(OLS)http://pul/classification/2596 996 $6245$aDelitto e perdono :$bla pena di morte nell'orizzonte mentale dell'Europa cristiana XIV-XVIII secolo$9(OLS)http://pul/title/174166 996 $6260$aTorino :$bGiulio Einaudi$9(OLS)http://pul/publisher/54573